Les merveilles de la vie (Record no. 77326)

MARC details
000 -LEADER
campo de control de longitud fija 00507nam a2200145 i 4500
001 - NÚMERO DE CONTROL
campo de control 77326
003 - IDENTIFICADOR DE NÚMERO DE CONTROL
campo de control ES-MaACL
007 - CAMPO FIJO DE DESCRIPCIÓN FÍSICA--INFORMACIÓN GENERAL
campo de control de longitud fija t|
008 - DATOS DE LONGITUD FIJA--INFORMACIÓN GENERAL
campo de control de longitud fija 041008s1907 fr ||||1| fre d
100 1# - ENTRADA PRINCIPAL--NOMBRE DE PERSONA
Nombre de persona Hèackel, Ernst.
9 (RLIN) 128111
245 14 - MENCIÓN DEL TÍTULO
Título Les merveilles de la vie
Resto del título : études de philosophie biologique pour servir de complément aux Enigmes de l'univers /
Mención de responsabilidad, etc. par Ernst Hackel.
260 ## - PUBLICACIÓN, DISTRIBUCIÓN, ETC.
Lugar de publicación, distribución, etc. Paris :
Nombre del editor, distribuidor, etc. Schleicher Fréres,
Fecha de publicación, distribución, etc. [1907] (
Fabricante Lejay Fils et Lemoro)
300 ## - DESCRIPCIÓN FÍSICA
Extensión XII, 380 p. ;
Dimensiones 23 cm.
852 ## - LOCALIZACIÓN
Ubicación ES-MaACL
Número de control de estantería E-869
Holdings
Estatus retirado Estado de pérdida Estado de daño No para préstamo Biblioteca de origen Biblioteca actual Ubicación en estantería Fecha de adquisición Fuente de adquisición Total de préstamos Signatura topográfica completa Código de barras Visto por última vez Precio de reemplazo Tipo de ítem Koha
        Biblioteca del Ateneo de Madrid Biblioteca del Ateneo de Madrid Depósito 2 17/01/2008     E-869 1080907 23/02/2023 23/02/2023 Libro impreso